Landkreise in Brandenburg - Sudden Death - Statistiken

Allgemein
  • Dieses Quiz wurde 75 mal gespielt
  • Das Durchschnittsergebnis liegt bei 9 aus 14
Answers on the Grid
Answers color-coded by a green-red scale on the quiz's grid according to % correct below.
Teltow-Fläming
Spree-Oderland
Ostprignitz-Ruppin
Oberlausitz
Dahme-Spreewald
Niederhavel
Oberhavel
Barnim
Brandenburg-Havelsee
Elbe-Elster
Märkischer Kreis
Fürstenwalde
Märkisch-Oderland
Westprignitz
Oder-Spree
Ludwigslust-Parchim
Spree-Neiße
Potsdam-Mittelmark
Oranienburg
Oberspreewald-Lausitz
Lebus
Berlin
Havelland
Uckermark
Prignitz
Nuthetal
Oberfläming
 
Antwortstatistiken
Antwort % Korrekt
Havelland
71%
Uckermark
71%
Barnim
69%
Potsdam-Mittelmark
67%
Elbe-Elster
65%
Dahme-Spreewald
61%
Märkisch-Oderland
59%
Oder-Spree
59%
Ostprignitz-Ruppin
59%
Teltow-Fläming
59%
Oberhavel
57%
Prignitz
57%
Oberspreewald-Lausitz
53%
Spree-Neiße
53%
Keine übereinstimmenden Quizze gefunden
Verteilung der Resultate
Anzahl Personen mit jedem Resultat
Perzentil nach korrekt beantworteten Fragen
Ihre Resultats-Entwicklung
Sie haben dieses Quiz noch nicht gespielt